000 003170000a22001450004500
003 MACL
040 _aMACL
090 _c33161
_d33159
100 _aAgrawal, Deepak
245 _aObjective Chemistry
260 _bJai Prakash Nath Publication
_c2003
350 _a435
650 _aChemistry
942 _cBOOK
_k540/Aga
999 _c32814
_d32814